| 000 | 00563cam a2200205 4500 | ||
|---|---|---|---|
| 008 | 000000n2000 000 0 eng u | ||
| 020 | _a0002570629 | ||
| 035 | _a(Sirsi) u109800 | ||
| 050 | _a526.90954 | ||
| 100 | _aKeay, John | ||
| 245 | 4 | _aThe great arc : the dramatic tale of how India was mapped and Everest was named. | |
| 260 |
_aLondon _bHarper Collins _c2000 |
||
| 300 | _a182p. ; 23cm. | ||
| 650 | _aEVEREST | ||
| 650 | _aSURVEY OF INDIA | ||
| 650 | _aMAPPING | ||
| 650 | _aLAND SURVEYING | ||
| 690 | _aMAPPING AND MEASUREMENT | ||
| 942 | _n0 | ||
| 999 |
_c100990 _d100990 |
||